000 00397nam a2200181Ia 4500
001 15177
005 20260306165008.0
008 260306t2010||||xx |||||||||||||| ||spa||
041 _aESP
082 _a530
_bS42F
100 _aSerway, Raymond A.
_eAUT
245 0 _aFundamentos de fĂ­sica
260 _c2010
300 _a
_c
650 _aGEN
654 _aCCN
942 _cLIB
_dJUS
_fJUS
_2ddc
_n
999 _c15177
_d15177